La infraccin̤ del derecho de marca

Bibliographic Details
Main Author: Or ̌Sosa, Eduardo Arsenio
Format: Unknown
Language:Spanish
Published: Lima : Palestra, 2007
Subjects:
Online Access:Acceso restringido

MARC

LEADER 00000ny a22000003n 4500
005 2011052306426.0
008 100323s2007 pe 000 0 spa d
020 |a 9789972224492 
035 |a 4890 
040 |a BUSC.   |b gao  |d vLex 
090 |c 163  |d 163 
100 1 |a Or ̌Sosa, Eduardo Arsenio 
245 1 3 |a La infraccin̤ del derecho de marca  |h [Recurso electrn̤ico]  |c Eduardo Arsenio Or ̌Sosa 
256 |a Servicio en ln̕ea 
260 |a Lima :   |b Palestra,   |c 2007 
506 1 |a Contenido solo disponible en los productos indicados  |d vLex Global  |d vLex Global (Academic Edition, excluding Law Schools)  |d vLex Global (U.S. Academic Edition, Law Schools)  |d vLex Global (U.S. Academic Edition, excluding Law Schools)  |d vLex Global (Academic Edition, Law Schools) 
650 0 4 |a Marcas de comercio  |x Derecho  |z Amřica Latina  |x Publicaciones perid̤icas 
740 0 |a vLex Libros (Servicios en ln̕ea) 
856 4 0 |u http://vlex.com/source/4890  |z Acceso restringido 
942 |c BOOK 
999 0 |a Law  |z Per︢